Polskie kluby piłkarskie- Quiz nr. 3 - Statystyki

Ogólne statystyki
  • Ten quiz został rozwiązany 67 razy
  • Średni wynik to 10 z 15
Statystyki odpowiedzi
wskazówka klub % Poprawnych
Grał w Lidze Mistrzów. Legia Warszawa/Widzew Łódź
100%
Klub z Krakowa, który wygrał co najmniej 5 razy Mistrza Polski Cracovia/Wisła Kraków
97%
Ma stadion z pojemnością powyżej 40 tys. Lechia Gdańsk/Lech Poznań/Śląsk Wrocław
97%
Spadł z PKO BP Ekstraklasy w sezonie 2023/24 ŁKS Łódź/Ruch Chorzów/Warta Poznań
83%
Jest z województwa mazowieckiego i gra w Betclic I Lidze Pogoń Siedlce/Polonia Warszawa/Wisła Płock/Znicz Pruszków
83%
Był Mistrzem Polski tylko raz. Garbarnia Kraków/Jagiellonia Białystok/Piast Gliwice/Raków Czestochowa/Szombierki Bytom
77%
Był w barażach o PKO BP Ekstraklasę w sezonie 2021/22 Arka Gdynia/Chrobry Głogów/Korona Kielce/Odra Opole
65%
Wygrał Ekstraklasę w 2000 roku. Polonia Warszawa
62%
Z tym klubem Lech Poznań miał fuzję w 2006 roku. Amica Wronki
57%
Był w finale Pucharu Zdobywców Pucharów. Górnik Zabrze
55%
Klub, który był Mistrzem Polski, ale obecnie nie jest w granicach Polski. Pogoń Lwów
53%
Drużyna z województwa kujawsko-pomorskiego, która gra w Betclic III Lidze Elana Toruń/Wda Świecie/Zawisza Bydgoszcz
43%
Awansował do Betclic II Ligi w tym sezonie. Pogoń Grodzisk Mazowiecki/Rekord Bielsko-Biała/Świt Szczecin/Wieczysta Kraków
42%
Był w barażach o Betclic I Ligę w sezonie 2023/24. Chojniczanka Chojnice/KKS Kalisz/Polonia Bytom/Stal Stalowa Wola
30%
Drużyna, której stadion wynosi pojemność 0. Skra Częstochowa
12%
Nie znaleziono quizów pasujących do podanych kryteriów
Rozkład punktacji
Procent ludzi z każdym wynikiem
Percentyl według liczby udzielonych odpowiedzi
Twoja historia wyników
Nie rozwiązałeś tego quizu